ਜੈਕਾਰਾ / (Record no. 55067)
[ view plain ]
| 000 -LEADER | |
|---|---|
| fixed length control field | 00992nam a22002417a 4500 |
| 005 - DATE AND TIME OF LATEST TRANSACTION | |
| control field | 20140911151251.0 |
| 008 - FIXED-LENGTH DATA ELEMENTS--GENERAL INFORMATION | |
| fixed length control field | 090728t xxu||||| |||| 00| 0 pun d |
| 010 ## - LCCN (DPL NO) | |
| LC control number | PUN-6936 B-464790-794 |
| 020 ## - INTERNATIONAL STANDARD BOOK NUMBER | |
| Terms of availability | 200.00 |
| International Standard Book Number | 9788171165698 |
| 035 ## - SYSTEM CONTROL NUMBER | |
| System control number | PN-6054 B-464790-794 |
| 037 ## - SOURCE OF ACQUISITION | |
| Source of stock number/acquisition | DBAD / PUB |
| 037 ## - SOURCE OF ACQUISITION | |
| Source of stock number/acquisition | BPPD/Allied |
| 040 ## - CATALOGING SOURCE | |
| Original cataloging agency | dpl |
| Language of cataloging | pn |
| 082 ## - DEWEY DECIMAL CLASSIFICATION NUMBER | |
| Classification number | 851 |
| 100 ## - MAIN ENTRY--PERSONAL NAME | |
| 9 (RLIN) | 24414 |
| Personal name | ਤਰਲੋਕ ਸਿੰਘ ਦੀਵਾਨਾ |
| 245 ## - TITLE STATEMENT | |
| Title | ਜੈਕਾਰਾ / |
| Statement of responsibility, etc | ਤਰਲੋਕ ਸਿੰਘ ਦੀਵਾਨਾ |
| 246 ## - VARYING FORM OF TITLE | |
| Title proper/short title | Tarlok Singh Diwana |
| Remainder of title | by Harbhajan Singh Baansal |
| 260 ## - PUBLICATION, DISTRIBUTION, ETC. (IMPRINT) | |
| Place of publication, distribution, etc | Delhi |
| Name of publisher, distributor, etc | National Book Shop |
| Date of publication, distribution, etc | 2011 |
| 270 ## - ADDRESS | |
| Address | Pleasure Garden Market, Chandni chowk |
| City | Delhi |
| Postal code | 110 006 |
| Telephone number | 011-23264342 |
| 300 4# - PHYSICAL DESCRIPTION | |
| Extent | 128ਸਫੇ |
| Dimensions | 22ਸੇਮੀ (ਸਜਿਲੱਦ) |
| 942 ## - ADDED ENTRY ELEMENTS (KOHA) | |
| Source of classification or shelving scheme | Dewey Decimal Classification |
| Item type | Punjabi Bks |
| Classification part | 851 |
| Call number suffix | ਤਰਲੋ |
| Withdrawn status | Lost status | Source of classification or shelving scheme | Damaged status | Not for loan | Collection code | Home library | Current library | Date acquired | Source of acquisition | Cost, normal purchase price | Total Checkouts | Full call number | Barcode | Date last seen | Copy number | Cost, replacement price | Koha item type |
|---|---|---|---|---|---|---|---|---|---|---|---|---|---|---|---|---|---|
| Dewey Decimal Classification | Non-fiction | Central Library | Central Library | 11/04/2012 | Allied/7/17-2.-11/0002236/5.3.12/21.3.12 | 200.00 | 851 ਤਰਲੋ | B-464790 | 11/04/2012 | 1 | 200.00 | Punjabi Bks | |||||
| Dewey Decimal Classification | Non-fiction | D.B.Act.Division | D.B.Act.Division | 09/08/2011 | DBAD/PUB | 200.00 | 851 ਤਰਲੋ | PN-6054 | 09/08/2011 | 1 | 200.00 | Punjabi Bks | |||||
| Dewey Decimal Classification | Non-fiction | Kasturba Gandhi Marg | Kasturba Gandhi Marg | 11/04/2012 | Allied/7/17-2.-11/0002236/5.3.12/21.3.12 | 200.00 | 851 ਤਰਲੋ | B-464794 | 11/04/2012 | 1 | 200.00 | Punjabi Bks | |||||
| Dewey Decimal Classification | Non-fiction | Mobile Library | Mobile Library | 11/04/2012 | Allied/7/17-2.-11/0002236/5.3.12/21.3.12 | 200.00 | 851 ਤਰਲੋ | B-464791 | 11/04/2012 | 1 | 200.00 | Punjabi Bks | |||||
| Dewey Decimal Classification | Non-fiction | Mobile Library | Mobile Library | 11/04/2012 | Allied/7/17-2.-11/0002236/5.3.12/21.3.12 | 200.00 | 851 ਤਰਲੋ | B-464792 | 11/04/2012 | 1 | 200.00 | Punjabi Bks | |||||
| Dewey Decimal Classification | Non-fiction | Patel Nagar | Patel Nagar | 11/04/2012 | Allied/7/17-2.-11/0002236/5.3.12/21.3.12 | 200.00 | 851 ਤਰਲੋ | B-464793 | 11/04/2012 | 1 | 200.00 | Punjabi Bks |
